| 000 | 00384cam a2200145ua 4500 | ||
|---|---|---|---|
| 041 |
_ahin _h |
||
| 082 |
_a891.43 _bJAY/PR |
||
| 100 | _aJayakanth, Mithu. | ||
| 245 |
_aPrachathiya alochana ki avarnichith prabandya / _cJayakanth Mithu. _hTextual Documents |
||
| 260 |
_aDelhi : _bRajkamal Prakashan , _c1962. |
||
| 300 | _a238 ; . | ||
| 504 | _a | ||
| 942 | _cBK | ||
| 999 |
_c2575 _d2575 |
||